Statistiques concernant Villes qui battent Paris

Cliquez ici pour prendre le quiz!

Statistiques générales

  • Ce quiz a été pris 10 478 fois
  • Le résultat moyen est 10 sur 20

Statistiques - réponses

RangCatégorieVilles% Correct
5Plus vieux métroLondres | Chicago | Budapest | Glasgow
95%
3Plus photographiée d'EuropeRome | Barcelone
77%
4Plus de gratte-ciel en EuropeMoscou | Istanbul | Londres
76%
3Plus mentionnée en ligne (Internet et réseaux sociaux)Tokyo | New York | Singapour
73%
2Première à accueillir les Jeux OlympiquesAthènes
70%
2Plus de victoires en Top 14Toulouse
58%
6Plus de revenus du tourismeDubai | Londres | New York | Bangkok | Tokyo
57%
2Capitale la plus proche de LondresBruxelles
56%
8Plus haute cathédrale de FranceRouen | Strasbourg | Bordeaux | Orléans |
Chartres | Amiens | Le Havre
55%
5Plus de stations de métroNew York | Shanghai | Pékin | Séoul
51%
2Plus peuplée commençant par "P"Pékin
51%
4Plus d'hôtelsPékin | Rome | Shanghai
49%
5Plus peuplée en 1600Pékin | Constantinople | Kyoto | Hangzhou
47%
5Plus de JetPunkersLondres | Melbourne | New York | Sydney
44%
3Plus cyclable de FranceStrasbourg | Bordeaux
40%
6Meilleure équipe de handball en EuropeBarcelone | Kiel | Veszprém | Flensburg | Kielce
35%
3Plus d'étoiles MichelinTokyo | Kyoto
21%
3Exposition universelle avec le plus de visiteursShanghai | Osaka
9%
4Siège de la plus grande entreprise laitièreKansas City | Auckland | Laval
5%
3Siège de la plus grande entreprise de grande distributionBentonville | Cincinnati
3%

Distribution des résultats

Percentile par nombre de réponses

% des personnes avec chaque résultat

Votre développement - résultats

Vous n’avez pas pris ce quiz